000 00760nam a2200265Ia 4500
003 OSt
005 20220918193011.0
006 a|||||r|||| 00| 0
007 ta
008 220917b |||||||| |||| 00| 0 eng d
024 _a71,450
037 _cTextual
040 _aARTS
_cARTS
_beng
041 _2eng
_aeng
082 _aR3xM891:g, L4
100 _aWittgenstein Ludwig
_914974
245 0 _aPhilosophical grammar
260 _aOxford
_bBasil Blackwell UK
_c1974
300 _a495p.
_ccm.
650 _aMETAPHYSICS
_913358
700 _a Kenny Anthony Tr.
_980822
700 _a Rhees Rush Ed.
_977666
942 _hR3xM891:g, L4
_cTEXL
_2CC
999 _c197523
_d197523